Štatistické metódy /

Na minha lista:
Detalhes bibliográficos
Main Authors: Kovačka, Milan (Author), Kontšeková, Oľga (Author)
Formato: Livro
Idioma:eslovaco
Publicado em: Bratislava : Alfa, 1969
Edição:3.nezm.vyd.
Assuntos:
Tags: Adicionar Tag
Sem tags, seja o primeiro a adicionar uma tag!

MARC

LEADER 00000nam a22000003a 4500
001 stu38034
005 20150617225729.0
008 920902s1969----cs------------------slo-d
040 |a STU  |b slo 
041 0 |a slo 
044 |a cs 
080 |a 31 
100 1 |a Kovačka, Milan  |4 aut 
245 1 |a Štatistické metódy /  |c [aut.]Milan Kovačka, Oľga Konšteková 
250 |a 3.nezm.vyd. 
260 |a Bratislava :  |b Alfa,  |c 1969 
300 |a 265 s 
650 7 |a štatistika  |2 stusub 
650 7 |a metódy  |2 stusub 
700 1 |a Kontšeková, Oľga  |4 aut 
996 |b 284M002429  |c M*4892-1  |l MMKN  |s A  |a 24  |w stu38034_0001 
996 |b 284V018346  |c V*50009/O-22247  |l VVT  |s A  |a 24  |w stu38034_0002